000
00333 a2200157 4500
001
158912
020
_a
040
_c
Magnum
100
_a
Vianna, Helio
240
1
0
_a
Historia do brasil v.1
_l
por
245
1
0
_a
Historia do brasil v.1
362
0
_a
1899
440
1
_a
Melhoramentos
697
_a
MAGNITO: COLECAO
942
_c
BK
999
_c
158912
_d
158912